Songs Written by Hank Williams - Sudden Death - Statistics

General Stats
  • This quiz has been taken 28 times
  • The average score is 5 of 20
Answers on the Grid
Answers color-coded by a green-red scale on the quiz's grid according to % correct below.
(I Heard That) Lonesome Whistle
A House Without Love
A Mansion on the Hill
Blue Eyes Crying in the Rain
Candy Kisses
Careless Love
Cold Cold Heart
Crazy Arms
Half as Much
Hey, Good Lookin’
Honky Tonk Blues
Honky Tonk Man
Honky Tonkin’
I Can’t Help It (If I’m Still in Love with You)
I Could Never Be Ashamed of You
I Love You Because
I Saw The Light
I’m a Long Gone Daddy
I’m Movin’ On
I’m So Lonesome I Could Cry
Jambalaya (On the Bayou)
Kaw-Liga
Long Gone Lonesome Blues
Lost Highway
Lovesick Blues
Men with Broken Hearts
Moanin’ the Blues
Move It on Over
Pan American
Straight A’s in Love
Texarkana Baby
Wedding Bells
Your Cheatin’ Heart
 
Answer Stats
Answer % Correct
(I Heard That) Lonesome Whistle
56%
Hey, Good Lookin’
50%
I’m So Lonesome I Could Cry
44%
A Mansion on the Hill
38%
Honky Tonk Blues
31%
Cold Cold Heart
25%
I Saw The Light
25%
Jambalaya (On the Bayou)
25%
Kaw-Liga
25%
A House Without Love
19%
Honky Tonkin’
19%
I Could Never Be Ashamed of You
19%
Your Cheatin’ Heart
19%
I Can’t Help It (If I’m Still in Love with You)
13%
Long Gone Lonesome Blues
13%
Move It on Over
13%
I’m a Long Gone Daddy
6%
Moanin’ the Blues
6%
Pan American
6%
Men with Broken Hearts
0%
No matching quizzes found
Score Distribution
Percent of People with Each Score
Percentile by Number Answered
Your Score History
You have not taken this quiz